000 00483nam a22001457a 4500
005 20250320124840.0
008 250320b |||||||| |||| 00| 0 eng d
020 _a9780415132695
050 _aHD31
_bMAN
245 _aManaging the multibusiness company;
_bstrategic issues for diversified groups
_cedited by Michael Goold and Kathleen Sommers Luchs
260 _aLondon
_bNew York
_cc1996
300 _axii, 459p
700 _aGoold Michael, Kathleen Sommers Luchs
942 _2lcc
_cBK
_n0
999 _c5007
_d5007